[Event "GEO-chT"]
[Site "Ureki"]
[Date "2015.10.11"]
[Round "7.4"]
[White "Bakhtadze, Levan"]
[Black "Morchiashvili, Bachana"]
[Result "1-0"]
[WhiteElo "2072"]
[BlackElo "2331"]
[PlyCount "133"]
[EventDate "2015.10.05"]
[EventType "team-tourn"]
[EventRounds "7"]
[EventCountry "GEO"]
[SourceTitle "CBM 168 Extra"]
[Source "ChessBase"]
[SourceDate "2015.10.29"]
[SourceVersion "1"]
[SourceVersionDate "2015.10.29"]
[SourceQuality "1"]
[WhiteTeam "Ambrolauri"]
[BlackTeam "Guria"]
[WhiteTeamCountry "GEO"]
[BlackTeamCountry "GEO"]

1. b4 c6 2. Bb2 Qb6 3. a3 a5 4. e3 axb4 5. Bd4 c5 6. Bxc5 Qf6 7. Bd4 Qd6 8. axb4 Rxa1 9. Bxa1 Qxb4 10. Nf3 Nf6 11. c4 e6 12. Nc3 Be7 13. Qa4 Nc6 14. Be2 0-0 15. 0-0 d5 16. Rb1 Qxa4 17. Nxa4 dxc4 18. Nb6 Nd5 19. Nxc4 Ncb4 20. Bf1 Nc2 21. Be5 Na3 22. Nxa3 Bxa3 23. Nd4 f6 24. Bg3 Rd8 25. Nb5 Be7 26. Na7 Nb4 27. Bc7 Rf8 28. Ba5 Nc6 29. Nxc8 Rxc8 30. Rxb7 Nxa5 31. Rxe7 Nb3 32. g3 Nxd2 33. Bh3 f5 34. Rxe6 Rc5 35. Rd6 Ne4 36. Rd1 g6 37. Bg2 Nc3 38. Rd7 Nb5 39. Bd5+ Kf8 40. Bb3 Rc7 41. Rd8+ Ke7 42. Rh8 Kf6 43. h4 Nd6 44. Kg2 Rb7 45. Bd5 Ra7 46. Kf3 h5 47. Ra8 Rc7 48. Ra6 Ke5 49. Ra5 Kf6 50. Kf4 Rc2 51. f3 Rd2 52. Ba2 Rf2 53. Ra6 Ke7 54. Bd5 Rd2 55. e4 fxe4 56. fxe4 Rd3 57. Ra7+ Kf8 58. Ke5 Nb5 59. Rf7+ Ke8 60. Rf6 Nd4 61. Rxg6 Ne2 62. g4 hxg4 63. Kd6 Rf3 64. e5 Rf8 65. Rxg4 Nf4 66. Bc6+ Kd8 67. e6 1-0

[Event "Batumi BCSA op"]
[Site "Batumi"]
[Date "2003.07.21"]
[Round "5"]
[White "Aroshidze, Levan"]
[Black "Bakhtadze, Levan"]
[Result "1/2-1/2"]
[WhiteElo "2393"]
[BlackElo "2145"]
[PlyCount "177"]
[EventDate "2003.07.16"]
[EventType "swiss"]
[EventRounds "9"]
[EventCountry "GEO"]
[SourceTitle "CBM 095 Extra"]
[Source "ChessBase"]
[SourceDate "2003.09.04"]
[SourceVersion "1"]
[SourceVersionDate "2003.09.04"]
[SourceQuality "1"]

1. e4 c5 2. Nf3 d6 3. d4 cxd4 4. Nxd4 Nf6 5. Nc3 a6 6. Be3 e6 7. f3 Nbd7 8. g4 h6 9. Qd2 b5 10. 0-0-0 Ne5 11. h4 b4 12. Nb1 d5 13. Bf4 Ng6 14. Bg3 Bd6 15. Nc6 Bxg3 16. Nxd8 Bf4 17. Nc6 Bb7 18. Na5 0-0-0 19. Qxf4 Nxf4 20. e5 Nd7 21. Rd4 b3 22. axb3 g5 23. Nxb7 Kxb7 24. Ra4 Nxe5 25. Bxa6+ Kb6 26. Nd2 Ra8 27. Bf1 Rhc8 28. Kb1 Ra5 29. c3 Rca8 30. Rxa5 Kxa5 31. hxg5 hxg5 32. Rh7 Re8 33. b4+ Kb6 34. b3 Kc6 35. Kc2 Ra8 36. Kb2 Rb8 37. Ba6 Kb6 38. Bf1 Kc6 39. Rh6 Kd6 40. Ba6 Rb6 41. Bf1 Rb8 42. Rh1 Kc6 43. Kc2 Ra8 44. Kb1 Rb8 45. Rh2 Neg6 46. Be2 Nxe2 47. Rxe2 d4 48. Ne4 dxc3 49. Nxg5 Rxb4 50. Kc2 Rf4 51. Nxe6 fxe6 52. Rxe6+ Kc5 53. Rxg6 Rxf3 54. Rg5+ Kd4 55. Rf5 Rg3 56. Rf4+ Ke5 57. Ra4 Kd6 58. Ra6+ Kc5 59. Ra4 Kb5 60. Rc4 Ka5 61. Rd4 Kb5 62. Re4 Kc5 63. Rf4 Kb5 64. Rc4 Ka5 65. b4+ Kb5 66. Rf4 Ka4 67. Rd4 Kb5 68. Kb3 Kc6 69. Rf4 Kb5 70. Rf5+ Kb6 71. g5 Rh3 72. Rf6+ Kb5 73. Rf5+ Kb6 74. Re5 Rf3 75. Rc5 Rg3 76. Kc2 Ka6 77. b5+ Ka5 78. Kb3 Kb6 79. Re5 Ka5 80. Rf5 Rh3 81. Rf4 Rg3 82. Rf5 Rh3 83. Rf4 Rg3 84. Rf5 Rh3 85. Rc5 Rg3 86. Kc2 Kb4 87. Rc8 Rg2+ 88. Kd3 Rg3+ 89. Kc2 1/2-1/2

[Event "GEO-ch U20"]
[Site "Tbilisi"]
[Date "2002.03.21"]
[Round "3"]
[White "Gaprindashvili, Valeriane"]
[Black "Bakhtadze, Levan"]
[Result "1-0"]
[WhiteElo "2472"]
[BlackElo "2099"]
[PlyCount "77"]
[EventDate "2002.03.??"]
[EventType "swiss"]
[EventRounds "9"]
[EventCountry "GEO"]
[SourceTitle "EXT 2004"]
[Source "ChessBase"]
[SourceDate "2003.11.25"]
[SourceVersion "1"]
[SourceVersionDate "2003.11.25"]
[SourceQuality "1"]

1. Nf3 g6 2. d4 Bg7 3. c4 d6 4. g3 Nd7 5. Bg2 Ngf6 6. 0-0 0-0 7. Nc3 e5 8. h3 Re8 9. e4 c6 10. Be3 Qc7 11. Re1 a5 12. Rc1 exd4 13. Nxd4 Nc5 14. Qc2 Nfd7 15. Rcd1 Ne5 16. b3 f6 17. Re2 Bd7 18. Red2 Rad8 19. Nde2 Nf7 20. g4 Bc8 21. Ng3 Bh6 22. Bxh6 Nxh6 23. Nce2 Qe7 24. Qc3 b6 25. e5 dxe5 26. Bxc6 Rf8 27. Qe3 Nf7 28. Ne4 Nxe4 29. Bxe4 Rxd2 30. Rxd2 f5 31. gxf5 gxf5 32. Bg2 Kh8 33. f4 Rg8 34. fxe5 Bb7 35. Nf4 Nxe5 36. Nd5 Bxd5 37. Rxd5 f4 38. Qxf4 Qg7 39. Qxe5 1-0

[Event "Tbilisi Prise of Meria op"]
[Site "Tbilisi"]
[Date "2002.02.23"]
[Round "7"]
[White "Tsomaia, Sergo"]
[Black "Bakhtadze, Levan"]
[Result "1-0"]
[WhiteElo "2078"]
[BlackElo "2099"]
[PlyCount "127"]
[EventDate "2002.02.26"]
[EventType "swiss"]
[EventRounds "7"]
[EventCountry "GEO"]
[SourceTitle "EXT 2004"]
[Source "ChessBase"]
[SourceDate "2003.11.25"]
[SourceVersion "1"]
[SourceVersionDate "2003.11.25"]
[SourceQuality "1"]

1. d4 Nf6 2. Nf3 g6 3. Bg5 Bg7 4. Nbd2 d6 5. e4 h6 6. Bh4 g5 7. Bg3 Nh5 8. c3 c5 9. dxc5 Nxg3 10. hxg3 dxc5 11. Bc4 Nc6 12. Bd5 Qc7 13. 0-0 Bg4 14. Re1 e6 15. Bxc6+ Qxc6 16. Qe2 Rd8 17. a4 0-0 18. Nc4 Qc7 19. a5 f5 20. Rad1 f4 21. gxf4 Qxf4 22. Rxd8 Rxd8 23. Qe3 Qc7 24. Nh2 Bh5 25. Qh3 Qf7 26. Ng4 Rf8 27. f3 Bxg4 28. Qxg4 Rd8 29. Qg3 Qd7 30. Qf2 Qb5 31. Qe2 Bf8 32. Kf2 Be7 33. Rh1 Kg7 34. e5 Rd5 35. Qe4 Qd7 36. g3 Rd3 37. Ke2 Rd5 38. f4 g4 39. Rf1 Bd8 40. f5 Bg5 41. Qxg4 Qa4 42. Qe4 Qe8 43. f6+ Kf8 44. Kf3 Qc6 45. Kg2 b5 46. axb6 axb6 47. Kh3 Qe8 48. f7 Qb8 49. Qg6 Rd8 50. Nd6 Ke7 51. Ne8 Rxe8 52. fxe8Q+ Qxe8 53. Qg7+ Kd8 54. Rf8 Bc1 55. Rxe8+ Kxe8 56. b4 cxb4 57. cxb4 Bd2 58. b5 Be3 59. Qg6+ Ke7 60. Qf6+ Kd7 61. Qf7+ Kd8 62. Qxe6 Bc5 63. Qf6+ Kc7 64. Qc6+ 1-0

[Event "GEO-ch U16"]
[Site "Tbilisi"]
[Date "2002.02.10"]
[Round "6"]
[White "Sulashvili, Malkhaz"]
[Black "Bakhtadze, Levan"]
[Result "1-0"]
[WhiteElo "2259"]
[BlackElo "2099"]
[PlyCount "71"]
[EventDate "2002.02.06"]
[EventType "swiss"]
[EventRounds "9"]
[EventCountry "GEO"]
[SourceTitle "EXT 2004"]
[Source "ChessBase"]
[SourceDate "2003.11.25"]
[SourceVersion "1"]
[SourceVersionDate "2003.11.25"]
[SourceQuality "1"]

1. e4 Nf6 2. e5 Nd5 3. d4 d6 4. Nf3 dxe5 5. Nxe5 Nd7 6. Bc4 Nxe5 7. dxe5 e6 8. 0-0 a6 9. Bb3 Ne7 10. Qe2 Bd7 11. Rd1 Qc8 12. Nd2 Nc6 13. c3 Be7 14. f4 Bc5+ 15. Kh1 Ne7 16. Ne4 Bb6 17. Be3 Bxe3 18. Qxe3 Bc6 19. Bc2 Nf5 20. Qc5 Ne7 21. c4 b6 22. Qf2 Qb7 23. Qe2 Ng6 24. Qe3 0-0 25. Kg1 Rad8 26. g3 Bxe4 27. Bxe4 Qb8 28. b4 c5 29. bxc5 bxc5 30. Qxc5 Qb2 31. Qf2 Qb4 32. Bd3 a5 33. Bf1 Ne7 34. Rac1 Nf5 35. c5 Rxd1 36. Rxd1 1-0